000 00774nmc a2200301 a 4500
003 AR-BaBNM
005 20251128203708.0
008 109019s1988 ||||||||||||||000 | spa||
020 _a84-321-2424-9
040 _cAR-BaBNM
100 1 _aUrbina, Pedro Antonio
245 1 0 _aFilocalía, o, Amor a la belleza
246 1 _aAmor a la belleza
260 _aMadrid
_bEdiciones Rialp
_c1988
300 0 _a264 p.
490 0 _aNaturaleza e historia
_vv. 53
650 4 _aLITERATURA ESPANOLA
650 4 _aFILOSOFOS
650 4 _aESTETICA
650 4 _aARTISTAS
650 4 _aOBRAS DE ARTE
650 4 _aARTE RELIGIOSO
650 4 _aCRITICA DE ARTE
655 _aLITERATURA
700 1 _aMillán-Puelles, Antonio
_eprologuista
942 _cBK
998 _cMARTIN
999 _c4527
_d4527